000 00513nam a2200193Ia 4500
005 20250326143648.0
008 250326s9999 xx 000 0 und d
020 _a0-7506-7840-2
037 _aTextbook
040 _aFMSL
_beng
_cFMSL
041 _aeng
_2eng
084 _aX:87 P5
_qFMSL
100 _aCavaleri S
_9743784
245 0 _aKnowledge leadership
_cCavaleri S
260 _aAmstredam
_bAmstredam, Elsevier
_c2005
300 _a359p
942 _cTB
_hX:87 P5
999 _c1300481
_d1300481